Biblical Theology of Missions (Record no. 13705)

MARC details
000 -LEADER
fixed length control field 00567nam a2200229 a 4500
020 ## - INTERNATIONAL STANDARD BOOK NUMBER
ISBN 9780802407061
082 00 - DEWEY DECIMAL CLASSIFICATION NUMBER
Classification number 230.66
Author Cutter PET
100 ## - MAIN ENTRY--AUTHOR NAME
Author name Peters, W George
245 ## - TITLE STATEMENT
Title Biblical Theology of Missions
260 ## - PUBLICATION, DISTRIBUTION, ETC. (IMPRINT)
Place of publication Chicago
Name of publisher Moody Press
Year of publication 1984
300 ## - PHYSICAL DESCRIPTION
Number of Pages 368p
500 ## - GENERAL NOTE
General note includes index and biblioraphy
650 ## - SUBJECT ADDED ENTRY--TOPICAL TERM
Topical Term Theology-Mission
942 ## - ADDED ENTRY ELEMENTS (KOHA)
Koha item type Books
700 1# -
-- Peters, W George
Holdings
Collection code Home library Current library Date acquired Cost, normal purchase price Full call number Accession Number Koha item type
  Henry Martyn Institute Library Henry Martyn Institute Library 04/13/2010 750.00 230.66 PET 023225 Books
                   Copyright © 2026 | Henry Martyn Institute | Hyderabad | TS-500052 | INDIA | Implemented by hmi.edu.in
Hit-Count:

Powered by Koha